| 000 | 006880000a22001930004500 | ||
|---|---|---|---|
| 090 |
_aAR _b04504 |
||
| 100 | 1 |
_aGonedelé Bi, Sery _998419 |
|
| 700 | 1 |
_aKone, Inza _998420 |
|
| 700 | 1 |
_aBéné, J. C. K. _998421 |
|
| 700 | 1 |
_aBitty, Anderson E. _998422 |
|
| 700 | 1 |
_aAkpatou, Bertin K. _998423 |
|
| 700 | 1 |
_aGoné Bi, Zoro _998424 |
|
| 700 | 1 |
_aOuattara, Karim _998425 |
|
| 700 | 1 |
_aKoffi, Djaha Andrés _998426 |
|
| 245 | 1 | 0 | _aTanoe forest, south-eastern cote-dlvoire identified as a high priority site for the conservation of critically endangered primates in west Africa |
| 041 | 0 | _aInglés | |
| 942 | _cARTICULO | ||
| 773 | 1 |
_tJournal tropical conservation science _h3 _q265-278 _d2008 _g1 |
|
| 999 |
_c13603 _d13603 |
||